| 000 | 00595nam a2200229Ia 4500 | ||
|---|---|---|---|
| 003 | OSt | ||
| 005 | 20221007071628.0 | ||
| 006 | a|||||r|||| 00| 0 | ||
| 007 | ta | ||
| 008 | 221006b |||||||| |||| 00| 0 eng d | ||
| 024 | _a10,231 | ||
| 037 | _cTextual | ||
| 040 |
_aFLL _cFLL _beng |
||
| 041 |
_2eng _aeng |
||
| 082 | _aZ3:35, F6 | ||
| 100 |
_aGoitein H. Au. _9689110 |
||
| 245 | 0 | _aLaw as to C.I.F. contracts | |
| 260 |
_aLondon _bEffingham Wilson London _c1926 |
||
| 300 |
_a112p _ccm. |
||
| 942 |
_hZ3:35, F6 _cTEXL _2CC |
||
| 999 |
_c1143839 _d1143839 |
||